00237 a2200109 4500001000700000020000600007040001100013100002100024240003900045245003400084362000900118166834 a  cMagnum aFerreiro, Emilia10aPsicogenese da lingua escritalpor10aPsicogenese da lingua escrita0 a1899